000 00304nam a22001337a 4500
008 170407b xxu||||| |||| 00| 0 eng d
020 _a9780815139898
041 _aeng
080 _a611.018
100 _a9
101 _aSHM
245 _aCOLOR ATLAS OF HISTOPATHOLOGY
_cGRESHAM, G.A
942 _2udc
_cBK
999 _c10084
_d10084